Statistics for Oldest Countries By Earliest Self-Sovereignty

Click here to take the quiz!

General Stats

  • This quiz has been taken 34 times
  • The average score is 6 of 10

Answer Stats

YearCountry% Correct
221 BCChina
97%
660 BCJapan
91%
843France
75%
301 BCSan Marino
69%
≈977-999Denmark
63%
1143Portugal
63%
1238Thailand
50%
1206Mongolia
41%
976Austria
38%
1001Hungary
31%

Score Distribution

Percentile by Number Answered

Percent of People with Each Score

Your Score History

You have not taken this quiz